| 000 | 00408nam a2200145Ia 4500 | ||
|---|---|---|---|
| 008 | 231129s2006||||xx |||||||||||||| ||spa|| | ||
| 020 | _a958-30-1859-7 | ||
| 040 | _bspa | ||
| 082 | _a(i) 612.32 N476r | ||
| 100 | _aNettleton Pamela Hill | ||
| 245 | 0 | _aRuidos y crujidos: aprende acerca de tu estomágo | |
| 260 | _c2006 | ||
| 264 | _aPanamericana | ||
| 942 |
_2ddc _cBKS |
||
| 999 |
_c24208 _d24208 |
||